La théorie del Economie Politique / (Record no. 85031)

MARC details
000 -LEADER
campo de control de longitud fija 00852nam a2200229 i 4500
001 - NÚMERO DE CONTROL
campo de control 85031
003 - IDENTIFICADOR DE NÚMERO DE CONTROL
campo de control ES-MaACL
005 - FECHA Y HORA DE LA ÚLTIMA TRANSACCIÓN
campo de control 20250816063224.0
007 - CAMPO FIJO DE DESCRIPCIÓN FÍSICA--INFORMACIÓN GENERAL
campo de control de longitud fija t|
008 - DATOS DE LONGITUD FIJA--INFORMACIÓN GENERAL
campo de control de longitud fija 041125s1909 fr ||||1| fre d
100 1# - ENTRADA PRINCIPAL--NOMBRE DE PERSONA
Nombre de persona Jevons, William Stanley.
9 (RLIN) 128300
245 13 - MENCIÓN DEL TÍTULO
Título La théorie del Economie Politique /
Mención de responsabilidad, etc. par W. Stanley Jevons ; traduit par M.H.E. Barrault, Maurice Alfassa ; avec préface de Paul Painlevé.
260 ## - PUBLICACIÓN, DISTRIBUCIÓN, ETC.
Lugar de publicación, distribución, etc. Paris :
Nombre del editor, distribuidor, etc. V. Giard,
Fecha de publicación, distribución, etc. 1909 (
Lugar de fabricación/manufactura Saint Amand :
Fabricante Bussière)
300 ## - DESCRIPCIÓN FÍSICA
Extensión XXIV, 404 p. ;
Dimensiones 23 cm.
490 1# - MENCIÓN DE SERIE
Mención de serie Bibliothèque internationale d'économie politique
700 1# - ENTRADA AGREGADA--NOMBRE PERSONAL
Nombre de persona Alfassa, Maurice.
9 (RLIN) 19823
700 1# - ENTRADA AGREGADA--NOMBRE PERSONAL
Nombre de persona Barrault, M. H. E.
9 (RLIN) 25869
700 1# - ENTRADA AGREGADA--NOMBRE PERSONAL
Nombre de persona Painlevé, Paul.
9 (RLIN) 88330
830 00 - PUNTO DE ACCESO ADICIONAL DE SERIE-TÍTULO UNIFORME
Título uniforme Bibliothèque internationale d'économie politique
9 (RLIN) 181587
852 ## - LOCALIZACIÓN
Ubicación ES-MaACL
Número de control de estantería F-14135
Holdings
Estatus retirado Estado de pérdida Estado de daño No para préstamo Biblioteca de origen Biblioteca actual Ubicación en estantería Fecha de adquisición Fuente de adquisición Total de préstamos Signatura topográfica completa Código de barras Visto por última vez Precio de reemplazo Tipo de ítem Koha
        Biblioteca del Ateneo de Madrid Biblioteca del Ateneo de Madrid Sala Pecera Planta 2 17/01/2008     F-14135 1088858 23/02/2023 23/02/2023 Libro impreso